000 00669nam a2200277Ia 4500
005 20260324150059.0
008 008 260324s9999 xx 000 0 eng d
020 _a9780203043202
037 _aEBOOK
040 _aCRL
040 _beng
040 _cCRL
041 _2eng
041 _aeng
084 _qCRL
100 _aAnthony Clayton; Donald Cockfield Savage
_91225196
245 0 _aGovernment and Labour in Kenya 1895-1963
260 _bTaylor and Francis
260 _c1974
365 _a
365 _b230
856 _uhttp://www.taylorfrancis.com/books/9780203043202
942 _cEBOOK
999 _c1834039
_d1834039